01268nam a2200289 b 450000100060000000300090000600500170001500700030003200800320003502000150006704000300008208200260011224501370013826400420027530000610031733600270037833700350040533800300044050000230047050502740049353400530076765000360082070000370085670000360089370000280092971000210095745146DO-SdBPM20250721114057.0ta970627s1995 sp a | || ||spa  a8475836437 aDO-SdBPMbspacBPMSUerda 4aR036 bE56t 19952 2200aEnciclopedia temática Guinness / cilustradores Peter Harper ... [et al.] ; equipo de traducción Alberto Cousté ... [et al.]. aBarcelona : bEdiciones Folio, c1995 a760 páginas : bilustraciones, Fotos, mapas. ;c29 cm. atextobtxt2rdacontent asin mediación bn2rdamedia  avolumen bnc2rdacarrier  aIncluye índice. 0 aLa naturaleza del universo ; La tierra inquieta ; El planeta vivo ; El organismo humano ; El mundo actual ; Tecnología e industria ; Historia mundial ; Religión y filosofía ; Las artes plásticas ; Música y danza; Lengua y literatura ; Los países del mundo.  pTítulo original. tThe Guinness encyclopedia.  7aEnciclopedia y diccionarios 2 1 aHarper, Peter, eilustración 1 aCousé, Alberto, etraductor 1 aCrofton, Ian, eeditor 2 aEdiciones Folio